[Event "South American-ch U12"]
[Site "Santiago de Chile"]
[Date "2016.12.03"]
[Round "4.14"]
[White "Avendano Herrera, Arturo Alejandr"]
[Black "Flores Sanchez, Carlo"]
[Result "0-1"]
[WhiteElo "1619"]
[BlackElo "1381"]
[PlyCount "62"]
[EventDate "2016.12.01"]
[EventType "swiss"]
[EventRounds "9"]
[EventCountry "CHI"]
[SourceTitle "EXT 2022"]
[Source "ChessBase"]
[SourceDate "2021.10.06"]
[SourceVersion "1"]
[SourceVersionDate "2021.10.06"]
[SourceQuality "1"]

1. e4 c5 2. Nf3 d6 3. Bb5+ Nc6 4. Nc3 Nf6 5. d4 Bd7 6. dxc5 dxc5 7. 0-0 a6 8. Bd3 e6 9. b3 Bd6 10. Re1 Qc7 11. e5 Nxe5 12. a3 Bc6 13. Ne4 Nxe4 14. Bxe4 Bxe4 15. Rxe4 0-0 16. Bb2 Rfd8 17. Qe2 Ng6 18. Ng5 Re8 19. Rd1 Rad8 20. Qf3 h6 21. Nh3 Be5 22. Rxd8 Rxd8 23. c3 Rd2 24. Re2 Rxe2 25. Qxe2 Bf6 26. f4 e5 27. c4 Qd6 28. Nf2 exf4 29. Qe8+ Nf8 30. Bxf6 Qxf6 31. Ne4 Qd4+ 0-1